European Cities by Letter - J - Statistics

General Stats
  • This quiz has been taken 30 times
  • The average score is 3 of 12
Answer Stats
Clue City % Correct
The only place where Sherry is produced Jerez de la Frontera
74%
Centre of education and research in Germany Jena
70%
Swedish city historically known for its matchstick industry Jönköping
52%
Serves a major role as an education centre in Finland Jyväskylä
37%
Latvian tourist destination due to its beaches and wooden houses Jūrmala
30%
Known for being the largest producer of olive oil globally Jaén
19%
Occasionally prone to flooding due its low altitude Jelgava
19%
Once a Finnish manufacture and commerce city in the 19th century Joensuu
19%
Is the oldest mining town in Czechia Jihlava
7%
Known for the strikes that occured here in 1980 Jastrzębie-Zdrój
4%
City within the Silesian Metropolitan Area Jaworzno
4%
Famous for its national park, Karkonosze Jelenia Góra
4%
No matching quizzes found
Score Distribution
Percent of People with Each Score
Percentile by Number Answered
Your Score History
You have not taken this quiz